|
|
|
|
| LEADER |
00000cam a22000004a 4500 |
| 001 |
musev2_79231 |
| 003 |
MdBmJHUP |
| 005 |
20230905052151.0 |
| 006 |
m o d |
| 007 |
cr||||||||nn|n |
| 008 |
911127s1992 miu o 00 0 eng d |
| 010 |
|
|
|z 91044776
|
| 020 |
|
|
|a 9781949098860
|
| 020 |
|
|
|z 9780915703241
|
| 035 |
|
|
|a (OCoLC)1273307516
|
| 040 |
|
|
|a MdBmJHUP
|c MdBmJHUP
|
| 100 |
1 |
|
|a Schreiber, Katharina Jeanne.
|
| 245 |
1 |
0 |
|a The Behavioral Ecology of Efe Pygmy Men in the Ituri Forest, Zaire /
|c Katharina J. Schreiber ; with a foreword by Jeffrey R. Parsons.
|
| 264 |
|
1 |
|a Ann Arbor :
|b Museum of Anthropology, University of Michigan,
|c 1992.
|
| 264 |
|
3 |
|a Baltimore, Md. :
|b Project MUSE,
|c 2021
|
| 264 |
|
4 |
|c ©1992.
|
| 300 |
|
|
|a 1 online resource (171 pages):
|b illustrations ;
|
| 336 |
|
|
|a text
|b txt
|2 rdacontent
|
| 337 |
|
|
|a computer
|b c
|2 rdamedia
|
| 338 |
|
|
|a online resource
|b cr
|2 rdacarrier
|
| 490 |
0 |
|
|a Anthropological papers / Museum of Anthropology, University of Michigan ;
|v no. 87
|
| 588 |
|
|
|a Description based on print version record.
|
| 650 |
1 |
7 |
|a Wari (volk)
|2 gtt
|
| 650 |
1 |
7 |
|a Imperialisme.
|2 gtt
|
| 650 |
|
7 |
|a Imperialismus
|2 gnd
|
| 650 |
|
7 |
|a Incas
|x Politics and government.
|2 fast
|0 (OCoLC)fst00968483
|
| 650 |
|
7 |
|a Imperialism.
|2 fast
|0 (OCoLC)fst00968126
|
| 650 |
|
7 |
|a Huari Indians
|x Antiquities.
|2 fast
|0 (OCoLC)fst00962633
|
| 650 |
|
7 |
|a 15.85 history of America.
|0 (NL-LeOCL)07761190X
|2 bcl
|
| 650 |
|
0 |
|a Imperialism.
|
| 650 |
|
0 |
|a Incas
|x Politics and government.
|
| 650 |
|
0 |
|a Huari Indians
|x Antiquities.
|
| 650 |
|
0 |
|a Huari Indians
|x Politics and government.
|
| 651 |
|
7 |
|a Huari
|2 gnd
|
| 651 |
|
7 |
|a Peru
|z Jincamocco Site.
|2 fast
|0 (OCoLC)fst01260936
|
| 651 |
|
7 |
|a Peru
|z Huari Site.
|2 fast
|0 (OCoLC)fst01242887
|
| 651 |
|
0 |
|a Huari Site (Peru)
|
| 651 |
|
0 |
|a Jincamocco Site (Peru)
|
| 655 |
|
7 |
|a Electronic books.
|2 local
|
| 710 |
2 |
|
|a Project Muse.
|e distributor
|
| 830 |
|
0 |
|a Book collections on Project MUSE.
|
| 856 |
4 |
0 |
|z Texto completo
|u https://projectmuse.uam.elogim.com/book/79231/
|
| 945 |
|
|
|a Project MUSE - Custom Collection
|